Australia vs. India World Cup Final 2023 - Statistics

General Stats
  • This quiz has been taken 30 times
  • The average score is 15 of 22
Answer Stats
Players % Correct
Rohit Sharma
88%
Travis Head
88%
Virat Kohli
85%
Jasprit Bumrah
81%
Mitchell Starc
81%
Steve Smith
81%
Pat Cummins
77%
David Warner
73%
Mohammed Siraj
73%
Ravindra Jadeja
73%
Adam Zampa
69%
Kuldeep Yadav
69%
Shubman Gill
69%
Glenn Maxwell
65%
Mitchell Marsh
65%
Mohammed Shami
65%
Suryakumar Yadav
62%
Shreyas Iyer
58%
KL Rahul
54%
Marnus Labuschagne
54%
Josh Hazlewood
50%
Josh Inglis
50%
No matching quizzes found
Score Distribution
Percent of People with Each Score
Percentile by Number Answered
Your Score History
You have not taken this quiz